00434nam a2200157Ia 45000010006000000050017000060080041000230410008000640820017000721000027000892450107001162600009002233000028002326500008002606540008002681663420260306170324.0260306t2017||||xx |||||||||||||| ||und|| aESP a348.8bT869P aToyama MiyagusukueAUT 0aProblemática de los contratos de trabajo modal:bcomó están resolviendo el TC y la corte suprema c2017 a142 páginas :c24 cm. aGEN aCDE